000 00630nam a22001937a 4500
999 _c186253
_d186253
005 20220218161749.0
010 _aENG-131685
020 _a9788194868767
_c361.00
035 _aEN-115217
037 _bDBAD
082 _a621.3815
100 _aShareef, Sk. Md.
245 _aElectrical Circuit Analysis-I/
_cSk. Md. Shareef, M. Chandra Sekhar
260 _aHyderabad
_bAmaravati Publications
_c2021
270 _a# 326/C, III Floor, Surneni Nilayam Near B K Guda Park, S R Nagar
_bHyderabad
_e500038
300 _aviii, 368p.
_c24cm(pbk)
700 _aSekhar, M. Chandra
942 _2ddc
_cEN
_h621.3815
_mSHA